000 00504nab a2200181 a 4500
001 28544
003 93609
005 20201118100544.0
008 ||||||n9999 ||| || ||
100 _aWatson, Richard T.
245 0 _aQualidade dos servicos na area de informatica :
_bUm modelo para avaliacao
562 _e0
650 _aCONTROL DE CALIDAD
650 _aMODELO DE EVALUACIÓN
650 _aSERVICIOS DE INFORMACION
773 _028439
_aAdministração de serviços
942 _cANADO
999 _c28544
_d28544